Un recoin de liberté artistique au féminin : la cuisine dans le couvent (notice n° 1635454)

détails MARC
000 -LEADER
fixed length control field 02485cam a2200181 4500500
005 - DATE AND TIME OF LATEST TRANSACTION
control field 20260111142054.0
041 ## - LANGUAGE CODE
Language code of text/sound track or separate title fre
042 ## - AUTHENTICATION CODE
Authentication code dc
100 10 - MAIN ENTRY--PERSONAL NAME
Personal name Ibeas, Juan
Relator term author
245 00 - TITLE STATEMENT
Title Un recoin de liberté artistique au féminin : la cuisine dans le couvent
260 ## - PUBLICATION, DISTRIBUTION, ETC.
Date of publication, distribution, etc. 2018.<br/>
500 ## - GENERAL NOTE
General note 38
520 ## - SUMMARY, ETC.
Summary, etc. Les femmes trouvent au 18e siècle un espace de liberté créatrice relative dans les couvents. Dans l’Espagne éclairée et catholique, ces lieux d’enfermement féminin fleurissent des deux côtés de l’Atlantique. Les religieuses s’y adonnent à différents arts : écriture, musique, peinture, couture, cuisine. L’art de la bouche remplit les différents endroits de la clôture cloisonnée : du jardin potager à la ferme, de la cuisine au réfectoire, de l’infirmerie aux cellules, du tour à la bibliothèque, le couvent s’avère une grande fabrique d’art gastronomique. Les sœurs développent leurs penchants artistiques grâce à un savoir-faire culinaire qui se raffine au 18e siècle, dû à l’arrivée des produits d’outremer, mais aussi en parallèle à l’évolution de cet art hors-les-murs, et enfin comme reflet sociologique d’une élite féminine aisée qui trouve refuge dans ces espaces éloignés d’une société hétéropatriarcale.
520 ## - SUMMARY, ETC.
Summary, etc. Eighteenth-century women found creative freedom within convents. In Enlightened and Catholic Spain, these places of female confinement flourished on both sides of the Atlantic. Within them, religious women devoted themselves to several arts: writing, music, painting, sewing and cooking. The “art of food” reached every corner of the secluded internment and the convent turned out to be a magnificent laboratory of gastronomic art, from the kitchen garden to the farm, via the kitchen, the canteen, the infirmary, the cells, the tower, and the library. The nuns developed their artistic interests thanks to a culinary savoir-faire that improved throughout the eighteenth-century thanks to the arrival of overseas products as well as the impact of its evolution beyond their walls. Finally, it may be considered as the sociological reflection of a female elite that found refuge in spaces far away from heteropatriarchal society.
700 10 - ADDED ENTRY--PERSONAL NAME
Personal name Vázquez, Lydia
Relator term author
786 0# - DATA SOURCE ENTRY
Note Dix-huitième siècle | 50 | 1 | 2018-08-22 | p. 223-237 | 0070-6760
856 41 - ELECTRONIC LOCATION AND ACCESS
Uniform Resource Identifier <a href="https://shs.cairn.info/revue-dix-huitieme-siecle-2018-1-page-223?lang=fr&redirect-ssocas=7080">https://shs.cairn.info/revue-dix-huitieme-siecle-2018-1-page-223?lang=fr&redirect-ssocas=7080</a>

Pas d'exemplaire disponible.

PLUDOC

PLUDOC est la plateforme unique et centralisée de gestion des bibliothèques physiques et numériques de Guinée administré par le CEDUST. Elle est la plus grande base de données de ressources documentaires pour les Étudiants, Enseignants chercheurs et Chercheurs de Guinée.

Adresse

627 919 101/664 919 101

25 boulevard du commerce
Kaloum, Conakry, Guinée

Réseaux sociaux

Powered by Netsen Group @ 2025